Random Minecraft Items by Crafting Table Combinations (With Pictures) - Statistics

General Stats
  • This quiz has been taken 565 times
  • The average score is 7 of 9
Answer Stats
Picture Answer % Correct
Bed
100%
Boat
100%
Cake
100%
Campfire
100%
Leather Pants
100%
Minecart
100%
Trapped Chest
100%
White Wool Block
100%
Wooden Sword
100%
Wooden Axe
97%
Redstone Torch
96%
Shield
96%
Torch
96%
Wooden Pickaxe
96%
Wooden Shovel
96%
Bookshelf
95%
Leather Boots
95%
Wooden Hoe
95%
Bucket
94%
Leather Cap
94%
Arrow
93%
Furnace
93%
Map
93%
Oak Wood Door
93%
Stick
93%
Golden Apple
92%
Mushroom Stew
92%
Oak Wooden Stairs
92%
Sticky Piston
92%
Flint and Steel
91%
TNT
91%
Lever
90%
Smoker
90%
Snow Block
90%
Ender Chest
89%
Leather Tunic
89%
Fishing Rod
88%
Oak Plank
88%
Sign
88%
Hay Bale
87%
Jukebox
86%
Oak Fence Gate
86%
Shulker Box
85%
Track
85%
Anvil
84%
Fermented Spider Eye
84%
Lead
84%
Wooden Pressure Plate
84%
Bow
83%
Dispenser
83%
Ladder
83%
Oak Fence
83%
Smooth Stone Slab
83%
Bread
82%
Flower Pot
82%
Observer
82%
Paper
82%
Spyglass
82%
Crafting Table
81%
End Crystal
81%
Magma Block
81%
Bone Block
80%
Jack-O-Lantern
80%
Magma Cream
80%
Cauldron
79%
Beacon
78%
Hopper
78%
Oak Wooden Slab
78%
Soul Torch
78%
Beehive
77%
Book
77%
Spectral Arrow
77%
Wooden Chest
76%
Enchantment Table
75%
Eye of Ender
75%
Blast Furnace
74%
Chain
74%
Diorite
74%
Lectern
74%
Smithing Table
74%
Clock
73%
Daylight Sensor
71%
Shears
71%
Stonecutter
71%
Armor Stand
70%
Banner
70%
Glass Bottle
70%
Soul Campfire
70%
Target
70%
Concrete Powder
69%
End Rod
69%
Leather Horse Armor
69%
Loom
68%
Note Block
68%
Scaffolding
68%
Barrel
67%
Piston
67%
Book and Quill
65%
Cartography Table
65%
Dropper
65%
Pumpkin Pie
65%
Redstone Repeater
65%
Rabbit Stew
64%
Wooden Button
64%
Brewing Stand
63%
Coarse Dirt
63%
Conduit
63%
Turtle Shell
63%
Firework Rocket
62%
Wooden Trapdoor
62%
Glowstone
60%
Fletching Table
58%
Painting
58%
Powered Rail
58%
Cobblestone Wall
57%
Tipped Arrow
56%
Tripwire Hook
56%
Crossbow
55%
Redstone Lamp
54%
Fire Charge
53%
Packed Mud
53%
Composter
50%
Respawn Anchor
50%
Andesite
48%
Compass
47%
Iron Bars
47%
Item Frame
47%
Sea Lantern
47%
Bowl
45%
Granite
45%
Suspicious Stew
45%
Firework Star
40%
Activator Rail
38%
Grindstone
38%
Redstone Comparator
37%
Cookies
36%
Detector Rail
29%
Candle
20%
Lanterns
18%
No matching quizzes found
Score Distribution
Percent of People with Each Score
Percentile by Number Answered
Your Score History
You have not taken this quiz